|
|
|
|
| LEADER |
00000cas a2200000 c 4500 |
| 001 |
1043576304 |
| 003 |
DE-627 |
| 005 |
20230401000226.0 |
| 007 |
tu |
| 008 |
181218c19949999be z| m| 0 |0dut c |
| 016 |
7 |
|
|a 1173730451
|2 DE-101
|
| 016 |
7 |
|
|a 2954131-1
|2 DE-600
|
| 035 |
|
|
|a (DE-627)1043576304
|
| 035 |
|
|
|a (DE-576)050332872
|
| 035 |
|
|
|a (DE-599)ZDB2954131-1
|
| 035 |
|
|
|a (OCoLC)1366430591
|
| 040 |
|
|
|a DE-627
|b ger
|c DE-627
|e rda
|
| 041 |
|
|
|a dut
|
| 044 |
|
|
|c XA-BE
|
| 082 |
0 |
4 |
|a 340
|q DE-600
|
| 110 |
2 |
|
|a Katholieke Universiteit Leuven
|b Instituut voor Familierecht en Jeugdrecht
|e VerfasserIn
|0 (DE-588)5170003-7
|0 (DE-627)19479475X
|0 (DE-576)195638964
|4 aut
|
| 245 |
1 |
0 |
|a Instituut voor Familierecht en Jeugdrecht
|c Katholieke Universiteit te Leuven
|
| 264 |
3 |
1 |
|a [Wechselnde Verlagsorte]
|b [Wechselnde Verlage]
|c 1994-
|
| 336 |
|
|
|a Text
|b txt
|2 rdacontent
|
| 337 |
|
|
|a ohne Hilfsmittel zu benutzen
|b n
|2 rdamedia
|
| 338 |
|
|
|a Band
|b nc
|2 rdacarrier
|
| 362 |
0 |
|
|a 24 (1994)-
|
| 363 |
0 |
0 |
|a 24
|i 1994
|
| 655 |
|
7 |
|a Monografische Reihe
|0 (DE-588)4179998-7
|0 (DE-627)104628669
|0 (DE-576)209995106
|2 gnd-content
|
| 951 |
|
|
|a ST
|
| ELC |
|
|
|b 1
|
| LOK |
|
|
|0 000 xxxxxcx a22 zn 4500
|
| LOK |
|
|
|0 001 2274980519
|
| LOK |
|
|
|0 003 DE-627
|
| LOK |
|
|
|0 004 1043576304
|
| LOK |
|
|
|0 005 19980720000000
|
| LOK |
|
|
|0 008 980720||||||||||||||||ger|||||||
|
| LOK |
|
|
|0 040
|a DE-21
|c DE-627
|d DE-21
|
| LOK |
|
|
|0 852
|a DE-21
|
| LOK |
|
|
|0 852 1
|9 00
|
| LOK |
|
|
|0 935
|a konv
|
| LOK |
|
|
|0 939
|a 20-07-98
|b l01
|
| LOK |
|
|
|0 000 xxxxxcx a22 zn 4500
|
| LOK |
|
|
|0 001 2582158488
|
| LOK |
|
|
|0 003 DE-627
|
| LOK |
|
|
|0 004 1043576304
|
| LOK |
|
|
|0 005 20081009152126
|
| LOK |
|
|
|0 008 081009||||||||||||||||ger|||||||
|
| LOK |
|
|
|0 040
|a DE-Frei85
|c DE-627
|d DE-Frei85
|
| LOK |
|
|
|0 852
|a DE-Frei85
|
| LOK |
|
|
|0 852 1
|m p
|9 00
|
| LOK |
|
|
|0 938
|k p
|
| LOK |
|
|
|0 939
|a 09-10-08
|b l01
|
| ORI |
|
|
|a SA-MARC-krimdokb001.raw
|
| SPR |
|
|
|a 1
|t KRI
|